Länder, die Condor anfliegt - Statistiken

Allgemein
  • Dieses Quiz wurde 28 mal gespielt
  • Das Durchschnittsergebnis liegt bei 37 aus 62
Antworten auf der Karte
Die Antworten werden auf der Karte rot bzw. grün angezeigt, abhängig davon wie oft sie richtig erraten wurden.
 
Antwortstatistiken
Land % Korrekt
Deutschland
100%
Frankreich
100%
Italien
100%
Kanada
100%
Mexiko
100%
Spanien
100%
Vereinigtes Königreich
100%
Vereinigte Staaten
100%
Brasilien
96%
China
96%
Portugal
96%
Griechenland
92%
Österreich
92%
Schweiz
92%
Ägypten
88%
Niederlande (Curaçao)
88%
Türkei
88%
Kroatien
85%
Marokko
85%
Rumänien
85%
Bulgarien
81%
Indien
77%
Südafrika
77%
Thailand
77%
Tunesien
77%
Vereinigte Arabische Emirate
77%
Tschechien
73%
Ungarn
65%
Indonesien
62%
Kuba
62%
Israel
58%
Kenia
58%
Panama
58%
Zypern
58%
Dominikanische Republik
54%
Malta
54%
Malaysia
50%
Costa Rica
46%
Namibia
46%
Irak
42%
Sri Lanka
42%
Tansania
38%
Armenien
35%
Georgien
35%
Kap Verde
35%
Seychellen
35%
Bahrain
31%
Jamaika
31%
Kosovo
27%
Libanon
27%
Malediven
27%
Mauritius
23%
Montenegro
23%
Venezuela
23%
Antigua und Barbuda
15%
Myanmar
15%
Grenada
12%
Kambodscha
12%
Trinidad und Tobago
12%
Barbados
8%
Saint Lucia
8%
Gambia
4%
Keine übereinstimmenden Quizze gefunden
Verteilung der Resultate
Anzahl Personen mit jedem Resultat
Perzentil nach korrekt beantworteten Fragen
Ihre Resultats-Entwicklung
Sie haben dieses Quiz noch nicht gespielt